000 00585nam a2200229Ia 4500
003 OSt
005 20220918210754.0
006 a|||||r|||| 00| 0
007 ta
008 220917b |||||||| |||| 00| 0 eng d
024 _a121,979
037 _cTextual
040 _aARTS
_cARTS
_beng
041 _2eng
_aeng
082 _aWv2:C, J9
100 _aSharma R S
245 0 _aAspects of poltical ideas and institutions in ancient India
260 _c1959
650 _aPOLITICAL SCIENCE
942 _hWv2:C, J9
_cTEXL
_2CC
999 _c245172
_d245172